<?xml version="1.0" encoding="UTF-8"?><?xml-stylesheet type="text/xsl" href="static/style.xsl"?><OAI-PMH xmlns="http://www.openarchives.org/OAI/2.0/" xmlns:xsi="http://www.w3.org/2001/XMLSchema-instance" xsi:schemaLocation="http://www.openarchives.org/OAI/2.0/ http://www.openarchives.org/OAI/2.0/OAI-PMH.xsd"><responseDate>2026-04-17T19:23:02Z</responseDate><request verb="GetRecord" identifier="oai:www.recercat.cat:10459.1/468647" metadataPrefix="marc">https://recercat.cat/oai/request</request><GetRecord><record><header><identifier>oai:recercat.cat:10459.1/468647</identifier><datestamp>2025-10-04T18:56:48Z</datestamp><setSpec>com_2072_3622</setSpec><setSpec>col_2072_479130</setSpec></header><metadata><record xmlns="http://www.loc.gov/MARC21/slim" xmlns:dcterms="http://purl.org/dc/terms/" xmlns:xsi="http://www.w3.org/2001/XMLSchema-instance" xmlns:doc="http://www.lyncode.com/xoai" xsi:schemaLocation="http://www.loc.gov/MARC21/slim http://www.loc.gov/standards/marcxml/schema/MARC21slim.xsd">
   <leader>00925njm 22002777a 4500</leader>
   <datafield ind2=" " ind1=" " tag="042">
      <subfield code="a">dc</subfield>
   </datafield>
   <datafield ind2=" " ind1=" " tag="720">
      <subfield code="a">Bosch Serra, Àngela D.</subfield>
      <subfield code="e">author</subfield>
   </datafield>
   <datafield ind2=" " ind1=" " tag="720">
      <subfield code="a">Mestre, Marc</subfield>
      <subfield code="e">author</subfield>
   </datafield>
   <datafield ind2=" " ind1=" " tag="720">
      <subfield code="a">Llop, Núria</subfield>
      <subfield code="e">author</subfield>
   </datafield>
   <datafield ind2=" " ind1=" " tag="260">
      <subfield code="c">2025</subfield>
   </datafield>
   <datafield ind2=" " ind1=" " tag="520">
      <subfield code="a">The rehabilitation of coal mine sites in semi-arid environments is a step in combating desertification. A promising rehabilitation approach involves the development of anthropic soils that can support vegetation. However, reliable soil quality indicators are needed to evaluate long-term sustainability of rehabilitation strategies. In a coal mine area in northeastern Spain, two anthropic soils (0.5 m thick) were constructed by layering fine-textured coal residues at the bottom, topped with coarse overburden materials. Chemical fertility was enhanced using combinations of semi-liquid manure (25 or 60 mm) and straw (0 or 15 Mg ha−1), resulting in four treatments randomly distributed across both soil surfaces. Two abiotic indicators were selected for sustainability assessment: soil organic carbon (SOC) fractions and microstructure. Seven years after rehabilitation activities were completed, SOC fractions were analyzed. In addition, two years later, soil porosity and specific pore perimeter were also assessed in soil thin section images. The results indicated that the lower manure rate promoted more efficient SOC stabilization, evidenced by a 4–5-fold increase in specific pore perimeter at 0–5 cm depth, and lower fulvic acid content at 5–20 cm depth, compared with the higher manure rate. Micromorphological analysis proved to be a sensitive method for detecting early improvements in the physical quality of anthropic soils, highlighting the importance of adjusting manure rates for sustainable coal mine rehabilitation.</subfield>
   </datafield>
   <datafield ind2=" " ind1=" " tag="520">
      <subfield code="a">This research was funded by the former Environmental Department from Generalitat de Catalunya (Spain).</subfield>
   </datafield>
   <datafield ind1="8" ind2=" " tag="024">
      <subfield code="a">http://hdl.handle.net/10459.1/468647</subfield>
   </datafield>
   <datafield tag="653" ind2=" " ind1=" ">
      <subfield code="a">Coal carbon</subfield>
   </datafield>
   <datafield tag="653" ind2=" " ind1=" ">
      <subfield code="a">Liquid manure</subfield>
   </datafield>
   <datafield tag="653" ind2=" " ind1=" ">
      <subfield code="a">Micromorphology</subfield>
   </datafield>
   <datafield tag="653" ind2=" " ind1=" ">
      <subfield code="a">Mine rehabilitation</subfield>
   </datafield>
   <datafield tag="653" ind2=" " ind1=" ">
      <subfield code="a">Soil organic carbon</subfield>
   </datafield>
   <datafield ind2="0" ind1="0" tag="245">
      <subfield code="a">Abiotic indicators for sustainability assessment in a post-mining coal rehabilitated area</subfield>
   </datafield>
</record></metadata></record></GetRecord></OAI-PMH>